đŸŽ¶ Paroles "RMI" MC Solaar - Statistiques

Statistiques générales
  • Ce quiz a Ă©tĂ© pris 79 fois
  • Le rĂ©sultat moyen est 337 sur 475
Statistiques - réponses
Mots % Correct
a
97%
A
97%
Ă 
97%
au
97%
Ayrton
97%
beat
97%
biz'!
97%
boom
97%
m'
97%
Rico
97%
ruff
97%
S'
97%
Sahel
97%
Saint-Emilion
97%
Solaar
97%
and
93%
c'
93%
C'
93%
Christ
93%
Claude,
93%
Cupidon
93%
d'
93%
de
93%
est
93%
(Est-
93%
l'
93%
L'
93%
le
93%
Le
93%
Les
93%
les
93%
peace
93%
Pilate
93%
Ponce
93%
t-
93%
tuff
93%
ai
90%
Dans
90%
dans
90%
du
90%
et
90%
Et
90%
(Et
90%
on
90%
qu'
90%
'Y
90%
Des
86%
des
86%
il?)
86%
Il
86%
il
86%
J'
86%
j'
86%
je
86%
Jésus
86%
la
86%
(la
86%
(Mais
86%
Mais
86%
pas
86%
(Que
86%
que
86%
se
86%
son
86%
ce
83%
(Ce
83%
ne
83%
passe-
83%
pour
83%
RMI
83%
RMI ...
83%
sont
83%
un
83%
Une
83%
une
83%
(une
83%
aux
79%
Aux
79%
avec
79%
Avec
79%
ça
79%
comme
79%
eau
79%
fond
79%
plus
79%
rĂȘve
79%
Rien,
79%
Rien
79%
rien
79%
yeux
79%
ciel
76%
ils
76%
Ils
76%
me
76%
Or
76%
qui
76%
bas-
72%
FMI
72%
dit
69%
en
69%
fonds
69%
juste
69%
monde
69%
proches
69%
sait
69%
souvent
69%
Veau
69%
amour
66%
donné
66%
éternelle
66%
faut
66%
Ou
66%
personnel !
66%
quoi
66%
verts,
66%
Dieu
62%
douleur
62%
ĂȘtre
62%
jalousie
62%
meufs
62%
monstre
62%
pourquoi ?)
62%
Pourquoi ?
62%
pourquoi
62%
ses
62%
suis
62%
sur
62%
synonyme
62%
combien
59%
face
59%
familles
59%
gens
59%
jacuzzi
59%
Parce
59%
peut-
59%
peut
59%
pierre
59%
Taxe
59%
toujours
59%
faute
55%
flĂšches
55%
remplir
55%
aime!
52%
cachent
52%
coordonnée,
52%
ensuite
52%
faire
52%
fiston,
52%
fonctionne)
52%
humiliés ?
52%
jouer
52%
lĂąches
52%
leur
52%
milliers,
52%
musique ?)
52%
nous
52%
ordonne
52%
ordonnée,
52%
pardonné,
52%
Sans
52%
seront
52%
tĂąches
52%
tĂȘte
52%
ton
52%
vous
52%
art
48%
art'
48%
cƓur
48%
devenu
48%
dicton
48%
dollar
48%
empoisonnées
48%
était
48%
Moi
48%
neuf ?)
48%
neuf,
48%
pardonner
48%
peuple
48%
Sinon,
48%
bons
45%
couleur
45%
jettent
45%
mĂȘme
45%
Mes
45%
millions)
45%
partageais
45%
plate
45%
r'donné
45%
rester
45%
veuf
45%
6.6.6
41%
biftons,
41%
bluff,
41%
catapulte
41%
coin
41%
Donner
41%
gosses,
41%
gosses
41%
jardin
41%
kriss
41%
millénaire
41%
monétaire)
41%
nains
41%
Pokemons
41%
puis
41%
vice
41%
adule ?)
38%
clones
38%
clowns,
38%
croire
38%
culte
38%
échelle
38%
économie
38%
espace
38%
globe
38%
impopulaire
38%
kiss
38%
lançant
38%
liberté,
38%
nouveau
38%
place
38%
planétaire
38%
traĂźtrise
38%
vois
38%
adultes
34%
bergerie
34%
clans
34%
emprisonner
34%
époque
34%
fourberie)
34%
histoire
34%
Imagine
34%
justifie
34%
loups
34%
portefeuilles
34%
promo
34%
psaumes,
34%
Ricoche
34%
salauds
34%
taxent
34%
tel
34%
veulent
34%
VoilĂ 
34%
abysses
31%
cornes
31%
font
31%
marginaux
31%
parliez
31%
religion
31%
Satan
31%
spermatos
31%
supermarket)
31%
baskets
28%
casquettes
28%
clous,
28%
dégainer
28%
étendard
28%
inculquent
28%
leaders
28%
monospace
28%
vendre
28%
baume,
24%
bousculent,
24%
glisse
24%
Lance
24%
monte
24%
morne
24%
pointer
24%
ton-car
24%
bourse
21%
gnome
21%
neurones
21%
sourates
21%
speedés
21%
tels
21%
home
17%
chrome,
7%
Aucun quiz correspondant
Distribution des résultats
% des personnes avec chaque résultat
Percentile par nombre de réponses
Votre historique - résultats
Vous n’avez pas pris ce quiz